Surrogacy in India : (Record no. 97440)

MARC details
000 -LEADER
fixed length control field 00678nam a22002057a 4500
005 - DATE AND TIME OF LATEST TRANSACTION
control field 20151127111932.0
010 ## - LCCN (DPL NO)
LC control number ENG-114154
020 ## - INTERNATIONAL STANDARD BOOK NUMBER
Terms of availability 595.00
International Standard Book Number 9789350353257
035 ## - SYSTEM CONTROL NUMBER
System control number EN-97686
037 ## - SOURCE OF ACQUISITION
Source of stock number/acquisition DBAD/PUB
082 ## - DEWEY DECIMAL CLASSIFICATION NUMBER
Classification number 346.54017
100 ## - MAIN ENTRY--PERSONAL NAME
Personal name Malhotra, Anil
245 ## - TITLE STATEMENT
Title Surrogacy in India :
Statement of responsibility, etc by Anil Malhotra [and] Ranjit Malhotra
Remainder of title a law in the making /
260 ## - PUBLICATION, DISTRIBUTION, ETC. (IMPRINT)
Place of publication, distribution, etc New Delhi
Name of publisher, distributor, etc Universal Law Publishing
Date of publication, distribution, etc 2013
270 ## - ADDRESS
Address C-FF-1A, Dilkhush Industrial Estate, G.T. Karnal Road,
City New Delhi
Postal code 110033
300 ## - PHYSICAL DESCRIPTION
Extent xxiii,183p.:
Dimensions 25cm(Hb)
Other physical details ill.
500 ## - GENERAL NOTE
General note Includes index
700 ## - ADDED ENTRY--PERSONAL NAME
Personal name Malhotra, Ranjit
942 ## - ADDED ENTRY ELEMENTS (KOHA)
Source of classification or shelving scheme Dewey Decimal Classification
Item type English Books
Call number suffix MAL
Classification part 346.54017
Holdings
Withdrawn status Lost status Not for loan Collection code Home library Current library Date acquired Source of acquisition Cost, normal purchase price Full call number Barcode Copy number Cost, replacement price Koha item type
    Not For Loan Non-fiction D.B.Act.Division D.B.Act.Division 28/09/2015 DBAD/PUB 595.00 346.54017 MAL EN-97686 1 595.00 English Books

© Delhi Public Library
Hit Counter
free hit counter